Straw mushroom production on various substrate conditions ផលិតកម្មផ្សិតចំបើងលើលក្ខខណ្ដស្រ៊ុបស្រ្តាតខុសៗគ្នា (Record no. 1092)

000 -LEADER
fixed length control field 00564nam a22001577a 4500
003 - CONTROL NUMBER IDENTIFIER
control field OSt
005 - DATE AND TIME OF LATEST TRANSACTION
control field 20150922163142.0
008 - FIXED-LENGTH DATA ELEMENTS--GENERAL INFORMATION
fixed length control field 150922b xxu||||| |||| 00| 0 eng d
040 ## - CATALOGING SOURCE
Transcribing agency RUA
082 ## - DEWEY DECIMAL CLASSIFICATION NUMBER
Classification number AGR THA 2010 B046 Or.1
100 ## - MAIN ENTRY--PERSONAL NAME
9 (RLIN) 1141
Personal name THAN THA
245 ## - TITLE STATEMENT
Title Straw mushroom production on various substrate conditions ផលិតកម្មផ្សិតចំបើងលើលក្ខខណ្ដស្រ៊ុបស្រ្តាតខុសៗគ្នា
260 ## - PUBLICATION, DISTRIBUTION, ETC. (IMPRINT)
Place of publication, distribution, etc. Phnom Penh
Name of publisher, distributor, etc. RUA
Date of publication, distribution, etc. 2010
300 ## - PHYSICAL DESCRIPTION
Extent xi, 49p.
Other physical details ill.
Dimensions 29cm.
942 ## - ADDED ENTRY ELEMENTS (KOHA)
Source of classification or shelving scheme
Koha item type AGR
Holdings
Price effective from Date last seen Permanent Location Not for loan Date acquired Source of classification or shelving scheme Koha item type Lost status Withdrawn status Date last checked out Total Checkouts Shelving location Damaged status Barcode Current Location Full call number
2015-09-222019-12-13Library Block B 2015-09-22 AGR  2019-12-031B046 RUA020300Library Block BAGR THA 2010 B046 Or.1
2015-09-222024-07-05Library Block B 2015-09-22 AGR  2024-06-173B046 RUA000167Library Block BAGR THA 2010 B046 Or.2
2015-09-222018-07-13Library Block B 2015-09-22 AGR  2018-06-252B046 RUA000331Library Block BAGR THA 2010 B046 Or.3
2015-09-222016-11-04Library Block B 2015-09-22 AGR  2016-10-074B046 RUA000843Library Block BAGR THA 2010 B046 Or.4
មជ្ឈមណ្ឌលឯការនៃសាកលវិទ្យាល័យភូមិន្ទកសិកម្មចំការដូង

Powered by Koha